000 01020nac a22002897a 4500
001 BR8001245
003 BR-BrBNA
005 20240105114625.0
008 230509b bl.|||m| |||| 00| 0 por d
040 _aBR-BrBNA
_bpor
_cBiblioteca Nacional de Agricultura
072 _aM00; M10
090 _aM00 BR8001245
110 1 _aSuperintendencia do Desenvolvimento da Pesca, Brasilia, DF (Brasil)
_910064
245 1 _aAnuario do registro geral da pesca, 1979 [Embarcacao pesqueira; Industria pesqueira; Brasil]
246 1 _a[Yearbook of general fishery, record, 1979 [Fishery craft; Fishery industry; Brazil]]
260 3 _aBrasilia, DF (Brasil):
_c1979.
300 _a407 p.
490 _aAnuario do Registro Geral da Pesca (Brazil)
_v
_x
500 _aNumerical data
650 _aPesca
650 _aProducao pesqueira
650 _aAdministracao pesqueira
650 _aIndustria pesqueira
650 _aEmbarcacao pesqueira
909 _a202312
_bLúcia Elande
_c55
_dLúcia Elande
942 _2AGRIS
_n0
_cMS
999 _c270400
_d270400